Billie Eilish - idontwannabeyouanymore Lyrics - Statistics

General Stats
  • This quiz has been taken 5,052 times
    3,657 since last reset
  • The average score is 148 of 179
Answer Stats
Lyric % Correct
a
99%
be
99%
Don't
99%
don't
99%
I
99%
you
99%
wanna
95%
anymore
94%
the
91%
could
90%
If
90%
if
90%
what
90%
that
89%
way
87%
know
85%
tell
85%
Tell
85%
by
84%
pools
84%
swimming
84%
day
83%
love
83%
models
83%
it
82%
teardrops
82%
twice
82%
was
82%
Was
82%
apart
81%
bottled
81%
Fall
81%
filled
81%
wish
81%
would
81%
break
80%
honest
80%
promise
80%
just
79%
you're
79%
is
78%
say
78%
before
77%
feel
77%
makes
77%
mirror
77%
whore
77%
dress
75%
never
73%
well
73%
heard
72%
tight
72%
too
72%
but
71%
There'd
70%
there'd
70%
Show
69%
told
69%
she's
68%
made
56%
broken
54%
sell
54%
mood
53%
from
52%
Got
49%
getting
47%
can't
46%
mistake
46%
cold
45%
feeling
45%
old
45%
Hands
43%
Losing
43%
Only
43%
every
42%
mold
42%
Hurt
39%
shake
38%
We've
36%
No matching quizzes found
Score Distribution
Percent of People with Each Score
Percentile by Number Answered
Your Score History
You have not taken this quiz since the last reset